00631nam a22002177a 4500003000500000005001700005008004100022010001000063011001000073035001000083040000900093082002200102100002100124245007000145250001000215260002900225300002200254490006000276650001700336830006000353CHAP20220329141553.0971013s1978 us r 00010 eng d a70303 a71275 a80829 cCHAP04a574.0182bD3 197800aDaniel, Wayne W.1 aBiostatisticsb: a foundation for analysis in the health sciences a2 ed. aNew York :bWiley,c1978 a504 p.b; gráfs aWiley series in probability and mathematical statistics14aBiometría.0 aWiley series in probability and mathematical statistics